<?xml version="1.0" encoding="UTF-8"?><?xml-stylesheet type="text/xsl" href="static/style.xsl"?><OAI-PMH xmlns="http://www.openarchives.org/OAI/2.0/" xmlns:xsi="http://www.w3.org/2001/XMLSchema-instance" xsi:schemaLocation="http://www.openarchives.org/OAI/2.0/ http://www.openarchives.org/OAI/2.0/OAI-PMH.xsd"><responseDate>2026-04-17T22:16:14Z</responseDate><request verb="GetRecord" identifier="oai:www.recercat.cat:10256/26901" metadataPrefix="marc">https://recercat.cat/oai/request</request><GetRecord><record><header><identifier>oai:recercat.cat:10256/26901</identifier><datestamp>2025-06-13T12:58:46Z</datestamp><setSpec>com_2072_452955</setSpec><setSpec>com_2072_2054</setSpec><setSpec>col_2072_453072</setSpec></header><metadata><record xmlns="http://www.loc.gov/MARC21/slim" xmlns:dcterms="http://purl.org/dc/terms/" xmlns:xsi="http://www.w3.org/2001/XMLSchema-instance" xmlns:doc="http://www.lyncode.com/xoai" xsi:schemaLocation="http://www.loc.gov/MARC21/slim http://www.loc.gov/standards/marcxml/schema/MARC21slim.xsd">
   <leader>00925njm 22002777a 4500</leader>
   <datafield ind2=" " ind1=" " tag="042">
      <subfield code="a">dc</subfield>
   </datafield>
   <datafield ind2=" " ind1=" " tag="720">
      <subfield code="a">Puente-Ortega, Thaís</subfield>
      <subfield code="e">author</subfield>
   </datafield>
   <datafield ind2=" " ind1=" " tag="720">
      <subfield code="a">Moreta-Herrera, Rodrigo</subfield>
      <subfield code="e">author</subfield>
   </datafield>
   <datafield ind2=" " ind1=" " tag="720">
      <subfield code="a">Torales, Julio</subfield>
      <subfield code="e">author</subfield>
   </datafield>
   <datafield ind2=" " ind1=" " tag="260">
      <subfield code="c">2025-06-04</subfield>
   </datafield>
   <datafield ind2=" " ind1=" " tag="520">
      <subfield code="a">This research examines the long-term effects of childhood abuse on adult mental health and delinquent behavior. Methodology: A systematic review was conducted following PRISMA guidelines. From 500 studies initially identified, 100 duplicates were removed. Titles and abstracts were screened, excluding studies that did not meet inclusion criteria, such as non-systematic reviews or those lacking relevant data. Fifty studies underwent full-text review, and 25 met the final inclusion criteria. Results: A significant association was found between childhood abuse and adult mental health disorders, including anxiety, depression, and personality disorders. Moreover, childhood abuse was strongly linked to adult involvement in both violent and non-violent crimes. Conclusion: The evidence highlights the long-term impact of childhood abuse on mental health and delinquent behavior, emphasizing the need for focused research within specific national contexts</subfield>
   </datafield>
   <datafield ind2=" " ind1=" " tag="520">
      <subfield code="a">Introducción: esta investigación analiza los efectos a largo plazo del abuso infantil en la salud mental y el comportamiento delictivo en la adultez. Métodos: se realizó una revisión sistemática siguiendo las directrices PRISMA. De 500 estudios identificados inicialmente, se eliminaron 100 duplicados. Se revisaron títulos y resúmenes, excluyendo aquellos que no cumplían con los criterios de inclusión, como revisiones no sistemáticas o estudios sin datos relevantes. Cincuenta estudios fueron revisados a texto completo, de los cuales 25 cumplieron con los criterios de inclusión finales. Resultados: se encontró una asociación significativa entre el abuso infantil y los trastornos mentales en la adultez, incluyendo ansiedad, depresión y trastornos de la personalidad. Además, el abuso infantil se relacionó de manera significativa con la participación en delitos violentos y no violentos en la adultez. Conclusiones: la evidencia resalta el impacto a largo plazo del abuso infantil en la salud mental y el comportamiento delictivo, subrayando la necesidad de investigaciones enfocadas en contextos nacionales específicos</subfield>
   </datafield>
   <datafield ind1="8" ind2=" " tag="024">
      <subfield code="a">http://hdl.handle.net/10256/26901</subfield>
   </datafield>
   <datafield tag="653" ind2=" " ind1=" ">
      <subfield code="a">Maltractament infantil</subfield>
   </datafield>
   <datafield tag="653" ind2=" " ind1=" ">
      <subfield code="a">Child abuse</subfield>
   </datafield>
   <datafield tag="653" ind2=" " ind1=" ">
      <subfield code="a">Adults víctimes de maltractament infantil</subfield>
   </datafield>
   <datafield tag="653" ind2=" " ind1=" ">
      <subfield code="a">Adult child abuse victims</subfield>
   </datafield>
   <datafield tag="653" ind2=" " ind1=" ">
      <subfield code="a">Joves adults -- Salut mental</subfield>
   </datafield>
   <datafield tag="653" ind2=" " ind1=" ">
      <subfield code="a">Young adults -- Mental health</subfield>
   </datafield>
   <datafield ind2="0" ind1="0" tag="245">
      <subfield code="a">Efectos a largo plazo del abuso infantil en la salud mental y el comportamiento delictivo en la edad adulta: Una revisión sistemática = Long-term effects of childhood abuse on mental health and delinquent behavior in adulthood: A systematic review</subfield>
   </datafield>
</record></metadata></record></GetRecord></OAI-PMH>